Supply chain management: (Record no. 12545)

000 -LEADER
fixed length control field 00525nam a22001577a 4500
008 - FIXED-LENGTH DATA ELEMENTS--GENERAL INFORMATION
fixed length control field 160805b xxu||||| |||| 00| 0 eng d
020 ## - INTERNATIONAL STANDARD BOOK NUMBER
International Standard Book Number 978013609517
050 ## - LIBRARY OF CONGRESS CALL NUMBER
Classification number HD 39.5.C46 2010
100 ## - MAIN ENTRY--PERSONAL NAME
Personal name Chopra, Sunil.
Dates associated with a name 2010
245 ## - TITLE STATEMENT
Title Supply chain management:
Remainder of title Strategy, planning and operation /
Statement of responsibility, etc. Sunil Chopra and Peter Meindl
250 ## - EDITION STATEMENT
Edition statement 4th ed.
260 ## - PUBLICATION, DISTRIBUTION, ETC. (IMPRINT)
Place of publication, distribution, etc. London:
Name of publisher, distributor, etc. Pearson,
Date of publication, distribution, etc. 2010
300 ## - PHYSICAL DESCRIPTION
Extent 519 p. : ill.
Other physical details Includes index
700 ## - ADDED ENTRY--PERSONAL NAME
Personal name Meindl, Peter.
942 ## - ADDED ENTRY ELEMENTS (KOHA)
Source of classification or shelving scheme
Koha item type Hard Covered Materials
Classification part HD 39.5.C46 2010
Koha issues (borrowed), all copies 1
Holdings
Withdrawn status Lost status Source of classification or shelving scheme Damaged status Not for loan Home library Current library Shelving location Date acquired Source of acquisition Total Checkouts Full call number Barcode Date last seen Date last checked out Price effective from Koha item type
          MACHAKOS UNIVERSITY LIBRARY MACHAKOS UNIVERSITY LIBRARY Open shelf 05/08/2016 Donation 1 HD 39.5.C46 2010 424 18/05/2017 05/05/2017 05/08/2016 Hard Covered Materials
© Machakos University Library, Along The Highway, Machakos Wote Rd, Machakos, Kenya P.O. Box 136 - 90100 Machakos - Kenya

Tel: ( +254 ) 723 805829 OR Fax : 044-20353 OR Email: library@mksu.ac.ke